000
00234nam a2200097Ia 4500
001
640864
005
20250826153455.0
008
250824s9999 xx 000 0 und d
245
0
_a
HARACA HAYIR
_c
STEPHANIE DUVAL
260
_b
GENÇ TİMAŞ
999
_c
640864
_d
640864